000 00626nam a2200217 a 4500
001
003 DO-SdBNP
005 20220824081716.0
008 110217s1964 sp r 000 0 spa d
040 _aDO-SdBNP
_bspa
_cBPMSU
082 _a333.951
_bC518r
_222
100 1 _aChen, Cheng
245 1 3 _aLa reforma agraria en Taiwan /
_cChen Cheng.
260 _aMadrid :
_bCompañía China de Publicaciones,
_c1964.
300 _a332 p. :
_bil. ;
_c21 cm.
500 _aIncluye índice alfabético.
590 _6Inventariado, 2022/VM
650 4 _aReforma agraria
_z Taiwan
650 4 _aAgricultura
_zTaiwan
942 _2ddc
_cBK
999 _c14242
_d14242